000 00597cam a22001811 4500
082 _a721.46
_bTER
100 1 _aTerrington, John Stanley.
_944780
245 1 0 _aDesign of domes,
_cby J. S. Terrington.
260 _aLondon,
_bConcrete publications limited
_c[1937]
300 _a30, [1] p.
_bdiagrs.
_c24 cm.
490 0 _aConcrete series.
500 _a"Reprinted from ʻConcrete and constructional engineering'."
526 _a0
_b0
_c0
_d721_460000000000000_TER
526 _a0
_b0
_c0
_d721_460000000000000_TER
650 0 _aConcrete construction.
650 0 _aDomes.
_945774
942 _2ddc
_cBK
999 _c549228
_d549228